| 000 | 00795cam a2200277 i 4500 | ||
|---|---|---|---|
| 001 | 768714001 | ||
| 003 | CO-MdBIC | ||
| 005 | 20231124084310.0 | ||
| 007 | ta | ||
| 008 | 231124s1987 -us||||| |||| 00| 0 eng d | ||
| 020 | _a0-87784-743-6 | ||
| 040 |
_bspa. _aCO-MdFUSB _cCO-MdFUSB _dCO-MdFUSBC _erda |
||
| 041 | _aeng | ||
| 082 | 0 | 4 | _aG 231 B678s |
| 100 | 1 | _aBoice, James Montgomery (1938-) | |
| 245 | 1 | 0 |
_aThe sovereign God / James Montgomery Boice _c/ |
| 264 | 1 |
_aDowners Grove, ILL., USA : InterVarsity _bInterVarsity Press, _c[1978] |
|
| 264 | 4 | _c©1978 | |
| 300 |
_a252 Pag _c; |
||
| 336 |
_atexto _btxt _2rdacontent |
||
| 337 |
_2rdamedia _asin mediación _bn |
||
| 338 |
_2rdacarrier _avolumen _bnc |
||
| 650 | 7 |
_aDios _9323 _xEnseñanza bíblica |
|
| 942 | _cBK | ||
| 945 | _ajohan1477 | ||
| 999 |
_c34311 _d34311 |
||